000
00266nam a22001097a 4500
008
170124b xxu||||| |||| 00| 0 eng d
020
_a
9780781749725
041
_a
eng
080
_2
6TH
_a
618.2
245
_a
ESSENTIALS OF NURSING RESEARCH
_c
POLIT, D.F
942
_2
udc
_c
BK
999
_c
3550
_d
3550